Modern techniques in astronomical photography (Record no. 5835)
[ view plain ]
| 000 -LEADER | |
|---|---|
| fixed length control field | 00713nam a2200193Ia 4500 |
| 003 - CONTROL NUMBER IDENTIFIER | |
| control field | IN-BaIIA |
| 008 - FIXED-LENGTH DATA ELEMENTS--GENERAL INFORMATION | |
| fixed length control field | 211028s9999 xx 000 0 eng d |
| 040 ## - CATALOGING SOURCE | |
| Transcribing agency | IIA Library |
| 080 ## - UNIVERSAL DECIMAL CLASSIFICATION NUMBER | |
| Universal Decimal Classification number | 520.8(082.2) |
| Item number | ESO-78 |
| 245 #0 - TITLE STATEMENT | |
| Title | Modern techniques in astronomical photography |
| Remainder of title | proceedings of the ESO workshop held in Geneva, Switzerland from 16th - 18th May 1978 |
| Statement of responsibility, etc. | edited by R. M. West and J. L. Heudier. |
| 260 ## - PUBLICATION, DISTRIBUTION, ETC. | |
| Place of publication, distribution, etc. | FRG |
| Name of publisher, distributor, etc. | European Southern Observatory |
| Date of publication, distribution, etc. | 1978 |
| 300 ## - PHYSICAL DESCRIPTION | |
| Extent | xv, 304p. |
| 650 ## - SUBJECT ADDED ENTRY--TOPICAL TERM | |
| Topical term or geographic name entry element | Astronomical photography |
| 9 (RLIN) | 5571 |
| 650 ## - SUBJECT ADDED ENTRY--TOPICAL TERM | |
| Topical term or geographic name entry element | Astronomical techniques |
| 9 (RLIN) | 1786 |
| 650 ## - SUBJECT ADDED ENTRY--TOPICAL TERM | |
| Topical term or geographic name entry element | Astronomy and astrophysics thesaurus |
| 700 ## - ADDED ENTRY--PERSONAL NAME | |
| Personal name | Heudier, J. L., ed. |
| 9 (RLIN) | 10108 |
| 700 ## - ADDED ENTRY--PERSONAL NAME | |
| Personal name | West, R. M., ed. |
| 9 (RLIN) | 10109 |
| 942 ## - ADDED ENTRY ELEMENTS (KOHA) | |
| Koha item type | Books |
| Withdrawn status | Lost status | Damaged status | Not for loan | Home library | Current library | Shelving location | Date acquired | Total Checkouts | Full call number | Barcode | Date last seen | Price effective from | Koha item type | Purchase Price |
|---|---|---|---|---|---|---|---|---|---|---|---|---|---|---|
| IIA Library-Bangalore | IIA Library-Bangalore | General Stacks | 14/06/1978 | 520.8(082.2)/ ESO-78 | 6527 | 05/11/2021 | 14/06/1978 | Books | DFL 16.00 |